00747nam a22002057a 450000500170000001000150001702000260003203500140005803700130007208200150008510000250010024501090012526000350023427000470026930000200031670000310033694200280036799900190039595201270041420250225120422.0 aENG-143914 a9789352070800c900.00 aEN-127446 bDBAD/PUB a332.495462 aBasu Shantanu978654 aThe Worm Within cShantanu BasubCorruption and Erosion of India 's Accountability InstitutionshEnglish aNew Delhi bAuthorspressc2015 aQ-2A Hauz Khas Enclave bNew Delhie110016 a382pc23cm(Hbk) aSnorrason, Gylfi K.978655 2ddccENh363.60685mBAS c209719d209719 001040708NFICaLbLd2025-02-25eDBADg900.00l0o363.60685 BASpEN-127446r2025-02-25 00:00:00v900.00w2025-02-25yEN